Welcome to CU Library Online Public Access Catalogue (OPAC)

A tutorial guide to AutoCAD 2005 / (Record no. 8069)

MARC details
000 -LEADER
fixed length control field 00596cam a22001937a 4500
001 - CONTROL NUMBER
control field 13753462
005 - DATE AND TIME OF LATEST TRANSACTION
control field 20251105134156.0
008 - FIXED-LENGTH DATA ELEMENTS--GENERAL INFORMATION
fixed length control field 041018s2005 njua 001 0 eng d
020 ## - INTERNATIONAL STANDARD BOOK NUMBER
International Standard Book Number 0131701975
Qualifying information pbk.
020 ## - INTERNATIONAL STANDARD BOOK NUMBER
International Standard Book Number 9780131701977
Qualifying information (pbk.)
050 00 - LIBRARY OF CONGRESS CALL NUMBER
Classification number T385
Item number .L625 2005
082 00 - DEWEY DECIMAL CLASSIFICATION NUMBER
Classification number 620/.0042/0285536
Edition information 22
100 1# - MAIN ENTRY--PERSONAL NAME
Personal name Lockhart, Shawna D.,
Dates associated with a name 1957-
245 12 - TITLE STATEMENT
Title A tutorial guide to AutoCAD 2005 /
Statement of responsibility, etc. Shawna Lockhart.
260 ## - PUBLICATION, DISTRIBUTION, ETC.
Place of publication, distribution, etc. Upper Saddle River, N.J. :
Name of publisher, distributor, etc. Pearson/Prentice Hall,
Date of publication, distribution, etc. c2005.
300 ## - PHYSICAL DESCRIPTION
Extent xxiii, 631 p. :
Other physical details ill. ;
Dimensions 26 cm.
650 #0 - SUBJECT ADDED ENTRY--TOPICAL TERM
Topical term or geographic name entry element Computer graphics.
942 ## - ADDED ENTRY ELEMENTS (KOHA)
Source of classification or shelving scheme Library of Congress Classification
Koha item type Books
Suppress in OPAC No
999 ## -
-- 8069
-- 8069
Holdings
Withdrawn status Lost status Source of classification or shelving scheme Damaged status Not for loan Collection Home library Current library Shelving location Date acquired Total checkouts Full call number Barcode Date last seen Copy number Price effective from Koha item type
    Library of Congress Classification     Non-fiction Science Library (Miotso) Science Library (Miotso) General stacks 11/05/2025   T385 .L625 LOC SLM00005379 11/05/2025 1 11/05/2025 Books
    Library of Congress Classification     Non-fiction Science Library (Miotso) Science Library (Miotso) General stacks 11/05/2025   T385 .L625 LOC SLM00005380 11/05/2025 2 11/05/2025 Books
© 2023-2024 Copyright: Central University Libraries. All Rights Reserved | Created by: Mahone Tech Office